| 000 | 01141nam a2200325 i 4500 | ||
|---|---|---|---|
| 001 | 768714001 | ||
| 003 | CO-MdFUSB | ||
| 005 | 20210226110221.0 | ||
| 007 | ta | ||
| 008 | 171122t1970 enk |||| |||| 00| 0 eng d | ||
| 020 | _a0310287618 | ||
| 040 |
_aCO-MdFUSB _bspa _cCO-MdFUSB _dCO-MdFUSBC _erda |
||
| 041 | 0 | _aeng | |
| 082 | 0 | 4 | _aG 226.4 M3671u |
| 100 | 1 |
_aMarshall, I. Howard _eautor |
|
| 245 | 1 | 0 |
_aLuke _b: Historian and theologian _c/ I. Howard Marshall |
| 264 | 1 |
_aEstados Unidos : _bPaternoster Press, _c[1970] |
|
| 264 | 4 | _c© 1970 | |
| 300 |
_a238 páginas _c; 23 cm |
||
| 336 |
_2rdacontent _atexto _btxt |
||
| 337 |
_2rdamedia _asin mediación _bn |
||
| 338 |
_2rdacarrier _avolumen _bnc |
||
| 505 | _aEl enfoque moderno de Lucas-Hechos: ¿historia o teología? - Lucas como historiador - La teología de la salvación - Dios mi Salvador - Para salvar a los perdidos - La palabra de esta salvación - ¿Qué debo hacer para ser salvo? - Lucas el evangelista. | ||
| 563 | _aRústico | ||
| 630 | 0 | 7 |
_aBiblia. _pNuevo Testamento |
| 630 | 0 | 7 |
_aBiblia. _vLucas |
| 942 | _cBK | ||
| 945 | _aJTF-925 | ||
| 999 |
_c33595 _d33595 |
||